[Event "SweCh"]
[Site "Umeå, Sweden"]
[Date "2003.06.29"]
[Round "1"]
[White "Tikkanen, Hans"]
[Black "Brynell, Stellan"]
[Result "0-1"]
[WhiteElo "2534"]
[BlackElo "2337"]
[PlyCount "74"]
[EventDate "2003.06.30"]
[SourceDate "2003.06.29"]

1. d4 Nf6 2. c4 e6 3. g3 c5 4. Nf3 cxd4 5. Nxd4 d5 6. Bg2 e5 7. Nc2 d4 8. f4
Nc6 9. Bxc6+ bxc6 10. fxe5 Qa5+ 11. Qd2 Qxe5 12. Qxd4 Qh5 13. Bf4 Be6 14. Nd2
Bc5 15. Qe5 Bf2+ 16. Kd1 Qxe5 17. Bxe5 Ng4 18. Bxg7 Rg8 19. Bd4 c5 20. h3 Bxd4
21. hxg4 Bxb2 22. Rb1 Be5 23. Ne3 Bd4 24. Nd5 Rd8 25. Rxh7 Rxg4 26. Rb7 Kf8 27.
Nf4 Bd7 28. Rxa7 Rxg3 29. Nf3 Bc3 30. Nd3 Bg7 31. Rh5 Be6 32. Nfe1 Bd4 33. Kd2
Bxc4 34. Ra4 Be6 35. Kc2 c4 36. Nb4 Rc3+ 37. Kb1 Bg7 0-1

[Event "SweCh"]
[Site "Umeå, Sweden"]
[Date "2003.06.29"]
[Round "1"]
[White "Hector, Jonny"]
[Black "von Bahr, Oskar"]
[Result "1-0"]
[WhiteElo "2570"]
[BlackElo "2370"]
[PlyCount "57"]
[EventDate "2003.06.30"]
[SourceDate "2003.06.29"]

1. e4 c5 2. Nf3 d6 3. d4 cxd4 4. Nxd4 Nf6 5. Nc3 Nc6 6. Bc4 Qb6 7. Be3 Qxb2 8.
Ndb5 Qb4 9. Qe2 Ne5 10. Bb3 Nxe4 11. Bd4 Bf5 12. O-O Nxc3 13. Bxc3 Qe4 14. Qxe4
Bxe4 15. Nc7+ Kd8 16. Nxa8 e6 17. Rfe1 Bc6 18. Bd4 b5 19. f4 Ng6 20. f5 exf5
21. Bxf7 Nf4 22. c4 Nxg2 23. cxb5 Nxe1 24. bxc6 Nf3+ 25. Kg2 Nxd4 26. c7+ Kd7
27. Be8+ Kc8 28. Rb1 Be7 29. Rb8# 1-0

[Event "SweCh"]
[Site "Umeå, Sweden"]
[Date "2003.06.29"]
[Round "1"]
[White "Ahlander, Björn"]
[Black "Hillarp-Persson, Tiger"]
[Result "0-1"]
[WhiteElo "2389"]
[BlackElo "2474"]
[PlyCount "104"]
[EventDate "2003.06.30"]
[SourceDate "2003.06.29"]

1. d4 Nf6 2. c4 g6 3. Nc3 Bg7 4. e4 d6 5. Nf3 O-O 6. Be2 Na6 7. O-O e5 8. Be3
Ng4 9. Bg5 Qe8 10. Re1 exd4 11. Nxd4 Qe5 12. Nf3 Qa5 13. Qd2 Re8 14. Rab1 Bxc3
15. bxc3 Nc5 16. Bf1 Nxe4 17. Rb5 Qa3 18. Qf4 f5 19. c5 Qxc3 20. cxd6 cxd6 21.
h3 Ngxf2 22. Rc1 Qg7 23. Rc2 Nd1 24. Qc1 Ndc3 25. Rb3 Nd5 26. Qd1 Nb6 27. Be3
Be6 28. Bd4 Qf7 29. Ba1 Bxb3 30. Qd4 Qf6 31. Qxf6 Nxf6 32. axb3 Nfd5 33. Rd2
Rac8 34. Kf2 Nc3 35. Kg1 Ne4 36. Rd1 Kf7 37. Nd4 Rc5 38. b4 Rd5 39. Rc1 Re7 40.
g4 fxg4 41. hxg4 Nf6 42. Bg2 Rg5 43. Rf1 Rxg4 44. Kh2 Re5 45. Bh3 Rh5 46. Nb5
Nbd5 47. Nxd6+ Ke7 48. Nc8+ Kd8 49. Nxa7 Ne4 50. Rf8+ Ke7 51. Bg7 Ng5 52. Nc8+
Kd7 0-1

[Event "SweCh"]
[Site "Umeå, Sweden"]
[Date "2003.06.29"]
[Round "1"]
[White "Olsson, Anders"]
[Black "Karlsson, Lars"]
[Result "1-0"]
[WhiteElo "2383"]
[BlackElo "2478"]
[PlyCount "131"]
[EventDate "2003.06.30"]
[SourceDate "2003.06.29"]

1. e4 c5 2. Nf3 Nc6 3. d4 cxd4 4. Nxd4 Nf6 5. Nc3 e5 6. Ndb5 h6 7. Be3 d6 8.
Be2 Be7 9. Nd5 Nxd5 10. exd5 Nb8 11. a4 Bg5 12. Qd2 a6 13. Na3 Bxe3 14. Qxe3
Nd7 15. Nc4 Nf6 16. Qa3 O-O 17. Nxd6 Nxd5 18. Bf3 Qc7 19. O-O-O Nf4 20. Rhe1 f6
21. Re3 Be6 22. Nxb7 Kh8 23. Rc3 Ne2+ 24. Bxe2 Qxb7 25. Qd6 Bg8 26. Bf3 Qf7 27.
Bd5 Qh5 28. Bxa8 Rxa8 29. Qe7 Re8 30. Qb7 Qg5+ 31. Kb1 f5 32. Qxa6 f4 33. Qc6
Qh5 34. Re1 e4 35. b3 Bh7 36. a5 Qf7 37. a6 Re7 38. Qc8+ Bg8 39. Kb2 Qf6 40.
Rxe4 Rxe4 41. a7 Ra4 42. bxa4 Qb6+ 43. Rb3 Qxa7 44. Rb8 Qd4+ 45. Kc1 Qa1+ 46.
Kd2 Qd4+ 47. Ke2 Qe5+ 48. Kd3 Qd6+ 49. Kc3 Qa3+ 50. Kd2 Qd6+ 51. Ke2 Qe5+ 52.
Kf3 Qh5+ 53. Kxf4 Qxh2+ 54. Kf3 Qh5+ 55. Qg4 Qd5+ 56. Qe4 Qd1+ 57. Kg3 Qd6+ 58.
Qf4 Qg6+ 59. Kf3 Qxc2 60. g4 Qd1+ 61. Kg2 Qd5+ 62. Qf3 Qc4 63. a5 h5 64. Qf5
Qc6+ 65. f3 g6 66. Qc8 1-0

[Event "SweCh"]
[Site "Umeå, Sweden"]
[Date "2003.06.29"]
[Round "1"]
[White "Ernst, Thomas"]
[Black "Rylander, Dennis"]
[Result "1/2-1/2"]
[WhiteElo "2442"]
[BlackElo "2348"]
[PlyCount "75"]
[EventDate "2003.06.30"]
[SourceDate "2003.06.29"]

1. e4 e6 2. d4 d5 3. Nc3 Bb4 4. e5 c5 5. a3 Bxc3+ 6. bxc3 Ne7 7. Qg4 O-O 8. Bd3
Nbc6 9. Qh5 Ng6 10. Nf3 Qc7 11. Be3 c4 12. Bxg6 fxg6 13. Qg4 Bd7 14. h4 Rf5 15.
h5 gxh5 16. Rxh5 Raf8 17. Rh3 Be8 18. Ng5 Qa5 19. Kd2 Rxg5 20. Qxg5 Bg6 21.
Rhh1 Qa4 22. Ra2 b5 23. Rha1 Bf5 24. g4 Be4 25. f4 Qa5 26. Qh4 a6 27. Qg5 Qa4
28. Qh4 Qa5 29. Qg5 Qa4 30. Qh5 Ne7 31. Rb1 Nc6 32. Rba1 Ne7 33. Qh4 Nc6 34.
Qg5 Qa5 35. Qh4 Qa4 36. Qg5 Qa5 37. Qh4 Qa4 38. Qg5 1/2-1/2

[Event "SweCh"]
[Site "Umeå, Sweden"]
[Date "2003.06.30"]
[Round "2"]
[White "Tikkanen, Hans"]
[Black "Ernst, Thomas"]
[Result "0-1"]
[WhiteElo "2337"]
[BlackElo "2442"]
[PlyCount "92"]
[EventDate "2003.06.30"]
[SourceDate "2003.06.29"]

1. d4 Nf6 2. c4 g6 3. Nc3 Bg7 4. e4 d6 5. h3 O-O 6. Be3 e5 7. d5 Nbd7 8. Nf3
Nc5 9. Nd2 a5 10. g4 c6 11. Be2 Bd7 12. g5 Ne8 13. h4 Nc7 14. Nb3 b6 15. f3 a4
16. Nxc5 bxc5 17. h5 a3 18. b3 Na6 19. Qd2 Nb4 20. O-O-O cxd5 21. cxd5 Qe7 22.
Bc4 Bc8 23. hxg6 fxg6 24. Bxc5 Na6 25. Bxd6 Qxd6 26. Nb5 Qc5 27. Qc3 h5 28.
gxh6 Bf6 29. h7+ Kh8 30. Qd2 Bd7 31. Nc3 Bg7 32. Rdf1 Nb4 33. Kb1 Rac8 34. Qf2
Qd4 35. Qxd4 exd4 36. Nd1 Rxc4 37. bxc4 Rb8 38. f4 Nxd5+ 39. Kc1 Nb4 40. Rh2
Rc8 41. f5 Rxc4+ 42. Kb1 Bc6 43. Rh4 Nd3 44. Nf2 Rb4+ 45. Ka1 Nxf2 46. Rxf2 Be5
0-1

[Event "SweCh"]
[Site "Umeå, Sweden"]
[Date "2003.06.30"]
[Round "2"]
[White "Hillarp-Persson, Tiger"]
[Black "Olsson, Anders"]
[Result "1-0"]
[WhiteElo "2474"]
[BlackElo "2383"]
[PlyCount "101"]
[EventDate "2003.06.30"]
[SourceDate "2003.06.29"]

1. d4 Nf6 2. c4 g6 3. Nc3 Bg7 4. e4 d6 5. Be2 O-O 6. Bg5 Na6 7. Nf3 Qe8 8. O-O
e5 9. Re1 h6 10. Bxf6 Bxf6 11. c5 exd4 12. Nd5 Bd8 13. Bxa6 bxa6 14. Qxd4 dxc5
15. Nf6+ Bxf6 16. Qxf6 Rb8 17. Rac1 Qe6 18. Qf4 Rxb2 19. Qxh6 Qf6 20. e5 Qg7
21. Qxg7+ Kxg7 22. Rxc5 Re8 23. h4 Re7 24. Rec1 Rb7 25. Ng5 Bf5 26. R1c4 Rb5
27. a4 Rb7 28. Kh2 Bd3 29. Rc3 Bf5 30. f3 Bd7 31. R3c4 Bf5 32. g4 Bd3 33. Rc3
Be2 34. Kg3 Bd1 35. R3c4 Bb3 36. Rd4 c6 37. Ne4 Bd5 38. Kf4 Rb3 39. Nc3 Reb7
40. Nxd5 cxd5 41. Rcxd5 Rc7 42. e6 Rcc3 43. Rd3 Rxd3 44. Rxd3 Rb4+ 45. Ke5 f6+
46. Kd6 Kf8 47. e7+ Kf7 48. Re3 Ke8 49. a5 Rb7 50. Rc3 Rd7+ 51. Ke6 1-0

[Event "SweCh"]
[Site "Umeå, Sweden"]
[Date "2003.06.30"]
[Round "2"]
[White "Karlsson, Lars"]
[Black "Berg, Emanuel"]
[Result "1/2-1/2"]
[WhiteElo "2478"]
[BlackElo "2514"]
[PlyCount "33"]
[EventDate "2003.06.30"]
[SourceDate "2003.06.29"]

1. d4 Nf6 2. Nf3 e6 3. g3 b5 4. Bg2 Bb7 5. O-O Be7 6. b3 c5 7. Na3 Qb6 8. c4 b4
9. Nc2 O-O 10. Bb2 d6 11. Ne3 Be4 12. d5 exd5 13. cxd5 Nbd7 14. Nh4 Bxg2 15.
Nhxg2 Rfe8 16. Qd3 Qb7 17. Rad1 1/2-1/2

[Event "SweCh"]
[Site "Umeå, Sweden"]
[Date "2003.06.30"]
[Round "2"]
[White "Brynell, Stellan"]
[Black "Lindberg, Bengt"]
[Result "1/2-1/2"]
[WhiteElo "2534"]
[BlackElo "2436"]
[PlyCount "125"]
[EventDate "2003.06.30"]
[SourceDate "2003.06.29"]

1. e4 c5 2. Nf3 e6 3. d3 Nc6 4. g3 g6 5. Bg5 Qc7 6. c3 Bg7 7. Na3 Nge7 8. d4
cxd4 9. Nb5 Qb8 10. cxd4 a6 11. Nc3 d5 12. Bg2 dxe4 13. Nxe4 Nd5 14. Qd2 h6 15.
Be3 Nxe3 16. Qxe3 O-O 17. O-O Qa7 18. Rad1 Rd8 19. Nc5 Ne7 20. Ne5 Nf5 21. Qc3
Qb6 22. Rfe1 Bf8 23. Na4 Qb4 24. Qc7 Qe7 25. Qxe7 Bxe7 26. Nb6 Rb8 27. Nxc8
Rbxc8 28. Bxb7 Rb8 29. Bxa6 Rxb2 30. Nc6 Rd6 31. Nxe7+ Nxe7 32. Bc4 Rb4 33. Bb3
Kf8 34. Kg2 h5 35. h4 Kg7 36. Rd3 Nc6 37. d5 Na5 38. dxe6 Rxd3 39. e7 Rb8 40.
Ba4 Ra3 41. e8=Q Rxe8 42. Bxe8 Rxa2 43. Re7 Kf8 44. Bxf7 Kxe7 45. Bxa2 Nc6 46.
Kf3 Kf6 47. Ke4 Ne7 48. Bb3 Nf5 49. Kf4 Nh6 50. Bd1 Nf5 51. Ba4 Nh6 52. Bd7 Nf7
53. Ke4 Nh6 54. Kd5 Nf7 55. Be6 Nd8 56. Bd7 Nf7 57. f4 Nh6 58. Ke4 Nf7 59. Bh3
Nd6+ 60. Kd5 Nf7 61. Bf1 Nh6 62. Bd3 Nf7 63. Bf1 1/2-1/2

[Event "SweCh"]
[Site "Umeå, Sweden"]
[Date "2003.07.01"]
[Round "3"]
[White "Hector, Jonny"]
[Black "Tikkanen, Hans"]
[Result "0-1"]
[WhiteElo "2553"]
[BlackElo "2377"]
[PlyCount "136"]
[EventDate "2003.06.30"]
[SourceDate "2003.06.29"]

1. e4 c5 2. Nf3 Nc6 3. d4 cxd4 4. Nxd4 g6 5. Nc3 Bg7 6. Be3 Nf6 7. Bc4 Qa5 8.
O-O O-O 9. Bb3 d6 10. h3 Bd7 11. f4 Nxd4 12. Bxd4 Bc6 13. Qd3 Rad8 14. a3 e5
15. Bf2 exf4 16. Bd4 Qg5 17. Rae1 a6 18. Bb6 Rd7 19. Nd5 Re8 20. Qf3 Nh5 21. c3
h6 22. Rf2 Be5 23. a4 Kh7 24. Qd3 Qh4 25. Bd1 Bxd5 26. Qxd5 f3 27. Bxf3 Nf4 28.
Qd2 h5 29. Re3 Ne6 30. Rd3 Qg3 31. Be3 Qh2+ 32. Kf1 Bg3 33. Rd5 Bxf2 34. Kxf2
h4 35. Kf1 Qh1+ 36. Bg1 Rde7 37. Qf2 Nc5 38. Qxh4+ Kg8 39. Rxc5 dxc5 40. Qg4
Kg7 41. Kf2 Rd8 42. Qg5 Red7 43. Qxc5 Rd1 44. Qe5+ Kh7 45. Bxd1 Rxd1 46. Qh2
Qxh2 47. Bxh2 Rd2+ 48. Kf3 Rxb2 49. a5 Rb3 50. Bg1 Rxc3+ 51. Kf4 Rc4 52. Ke5
Kg8 53. Kd6 Rxe4 54. Kc7 Re7+ 55. Kc8 f5 56. Bc5 Re2 57. Kxb7 Rxg2 58. Kxa6 Rb2
59. Bb6 f4 60. Kb7 f3 61. a6 f2 62. a7 f1=Q 63. a8=Q+ Qf8 64. Qa5 Qf7+ 65. Kc6
Qe6+ 66. Kb7 Qd7+ 67. Ka6 Qc6 68. Ka7 Qb5 0-1

[Event "SweCh"]
[Site "Umeå, Sweden"]
[Date "2003.07.01"]
[Round "3"]
[White "Ernst, Thomas"]
[Black "Brynell, Stellan"]
[Result "1/2-1/2"]
[WhiteElo "2442"]
[BlackElo "2534"]
[PlyCount "79"]
[EventDate "2003.06.30"]
[SourceDate "2003.06.29"]

1. e4 e6 2. d4 d5 3. Nc3 Bb4 4. e5 c5 5. a3 Ba5 6. b4 cxd4 7. Nb5 Bc7 8. f4 Bd7
9. Nf3 Bxb5 10. Bxb5+ Nd7 11. Nxd4 Ne7 12. Qg4 Bb6 13. Bb2 g6 14. Nxe6 fxe6 15.
Qxe6 Rc8 16. O-O-O Rc6 17. Bxc6 bxc6 18. Rhf1 Rf8 19. c4 Rf5 20. g4 Nf8 21. Qd6
Be3+ 22. Kb1 Rf7 23. b5 Qc8 24. bxc6 d4 25. Bxd4 Bxd4 26. Rxd4 Nxc6 27. Rd5 Rd7
28. Qc5 Ne6 29. Qe3 Qb7+ 30. Ka2 Rc7 31. Rb1 Qa6 32. Rbb5 Qa4 33. Qc3 Nxf4 34.
e6 Nxd5 35. Rxd5 Nb4+ 36. Qxb4 Qc2+ 37. Ka1 Qc1+ 38. Ka2 Qc2+ 39. Ka1 Qc1+ 40.
Ka2 1/2-1/2

[Event "SweCh"]
[Site "Umeå, Sweden"]
[Date "2003.07.01"]
[Round "3"]
[White "Wedberg, Tom"]
[Black "Karlsson, Lars"]
[Result "1/2-1/2"]
[WhiteElo "2539"]
[BlackElo "2478"]
[PlyCount "61"]
[EventDate "2003.06.30"]
[SourceDate "2003.06.29"]

1. e4 c5 2. Nf3 Nc6 3. d4 cxd4 4. Nxd4 g6 5. c4 Bg7 6. Be3 Nf6 7. Nc3 O-O 8.
Be2 d6 9. O-O Bd7 10. Qd2 Qa5 11. Rfd1 Rfc8 12. Rac1 Nxd4 13. Bxd4 Bc6 14. f3
Nd7 15. Be3 a6 16. a3 Qd8 17. b4 b6 18. Bg5 Bf6 19. Nd5 Bxg5 20. Qxg5 Bxd5 21.
cxd5 b5 22. Qe3 Qb6 23. Kf2 Qb7 24. f4 Nb6 25. h4 Nc4 26. Bxc4 Rxc4 27. Rxc4
bxc4 28. h5 a5 29. hxg6 fxg6 30. Rb1 axb4 31. Rxb4 1/2-1/2

[Event "SweCh"]
[Site "Umeå, Sweden"]
[Date "2003.07.02"]
[Round "4"]
[White "Tikkanen, Hans"]
[Black "Ahlander, Björn"]
[Result "1/2-1/2"]
[WhiteElo "2337"]
[BlackElo "2389"]
[PlyCount "88"]
[EventDate "2003.06.30"]
[SourceDate "2003.06.29"]

1. d4 Nf6 2. c4 e6 3. Nc3 Bb4 4. Qc2 O-O 5. a3 Bxc3+ 6. Qxc3 b6 7. Bg5 Ba6 8.
d5 Nxd5 9. Bxd8 Nxc3 10. Bxc7 Ne4 11. b3 Nc6 12. e3 Rfc8 13. Bf4 g5 14. f3 gxf4
15. fxe4 fxe3 16. Nf3 f6 17. O-O-O Rc7 18. Kb2 Na5 19. Bd3 Rb8 20. a4 Nc6 21.
Rhe1 Kf7 22. Rxe3 Ke7 23. Bb1 Rg8 24. Rd2 Bb7 25. g3 Rg7 26. Bd3 Rc8 27. Re1 a6
28. Rc1 Nb4 29. Bb1 Rg4 30. Re1 Rc5 31. Red1 Rc7 32. Re1 h5 33. Nh4 Nc6 34. Rf1
Ne5 35. Rf4 b5 36. axb5 axb5 37. cxb5 Rc5 38. Rdf2 Rxb5 39. Rxf6 Bxe4 40. h3
Rxh4 41. gxh4 Bxb1 42. Kxb1 Rxb3+ 43. Kc2 Rxh3 44. R2f4 Rh2+ 1/2-1/2

[Event "SweCh"]
[Site "Umeå, Sweden"]
[Date "2003.07.02"]
[Round "4"]
[White "Ernst, Thomas"]
[Black "Hector, Jonny"]
[Result "1/2-1/2"]
[WhiteElo "2442"]
[BlackElo "2553"]
[PlyCount "116"]
[EventDate "2003.06.30"]
[SourceDate "2003.06.29"]

1. e4 e5 2. Nf3 Nc6 3. Bb5 a6 4. Ba4 Nf6 5. O-O b5 6. Bb3 Bc5 7. a4 Rb8 8. c3
d6 9. d4 Bb6 10. axb5 axb5 11. Na3 O-O 12. Nxb5 Bg4 13. d5 Ne7 14. Bc2 Qd7 15.
c4 Ng6 16. h3 Bh5 17. Bd3 Nxe4 18. Bxe4 f5 19. Bb1 Nh4 20. Nxe5 Qe8 21. Ng4
fxg4 22. hxg4 Qe5 23. Ra3 Rxf2 24. Rxf2 Rf8 25. Be3 Bxe3 26. Rxe3 Qxe3 27. Qd2
Qxd2 28. Rxd2 Bg6 29. Bxg6 Nxg6 30. c5 dxc5 31. Nxc7 Ne5 32. d6 Nc4 33. Rd5 Rd8
34. Ne6 Rxd6 35. Rxd6 Nxd6 36. Nxc5 Kf7 37. Kf2 Kf6 38. Kf3 Ke5 39. Nd7+ Ke6
40. Nf8+ Kf7 41. Nxh7 Nc4 42. b4 Ne5+ 43. Ke4 Nxg4 44. Ng5+ Ke7 45. Nf3 Kd6 46.
Kd4 Nh6 47. Ne5 Nf5+ 48. Ke4 Ng3+ 49. Kf3 Nh5 50. Nd3 Nf6 51. Kf4 Kd5 52. Kf5
Kc4 53. Nf4 Kxb4 54. Ne6 Nd5 55. g3 Ne3+ 56. Ke4 Nf1 57. g4 g5 58. Nxg5 Nh2
1/2-1/2

[Event "SweCh"]
[Site "Umeå, Sweden"]
[Date "2003.07.02"]
[Round "4"]
[White "Karlsson, Lars"]
[Black "Lindberg, Bengt"]
[Result "1/2-1/2"]
[WhiteElo "2478"]
[BlackElo "2436"]
[PlyCount "75"]
[EventDate "2003.06.30"]
[SourceDate "2003.06.29"]

1. Nf3 Nf6 2. c4 c5 3. g3 b6 4. Bg2 Bb7 5. Nc3 e6 6. O-O Be7 7. Re1 d6 8. e4 a6
9. a3 O-O 10. d3 Nc6 11. Rb1 Nd7 12. b3 Bf6 13. Bb2 Nde5 14. h3 Nxf3+ 15. Bxf3
Bd4 16. Bg2 Qf6 17. Qc2 Rfd8 18. Rf1 h5 19. Kh1 Ne7 20. Ne2 Bxb2 21. Qxb2 Qxb2
22. Rxb2 a5 23. d4 cxd4 24. Nxd4 Nc6 25. Nxc6 Bxc6 26. a4 Kf8 27. Rd1 Ke7 28.
Rbd2 h4 29. gxh4 e5 30. Kh2 Rd7 31. Kg3 Rh8 32. Bf3 g6 33. Bg2 Rdd8 34. Rd3 Ba8
35. R1d2 Rh5 36. Bf3 Rh6 37. Bg2 Rh5 38. Bf3 1/2-1/2

[Event "SweCh"]
[Site "Umeå, Sweden"]
[Date "2003.07.02"]
[Round "4"]
[White "Brynell, Stellan"]
[Black "Agrest, Evgenij"]
[Result "1/2-1/2"]
[WhiteElo "2534"]
[BlackElo "2591"]
[PlyCount "74"]
[EventDate "2003.06.30"]
[SourceDate "2003.06.29"]

1. e4 d6 2. d4 g6 3. Nf3 Bg7 4. Be2 Nf6 5. Nc3 O-O 6. O-O e6 7. Re1 Nc6 8. h3
b6 9. Bf4 Bb7 10. Bf1 Re8 11. Bh2 e5 12. dxe5 Nxe5 13. Nxe5 dxe5 14. Bc4 c6 15.
Qf3 Qe7 16. Rad1 Rad8 17. Rxd8 Rxd8 18. Rd1 Rd4 19. Bd3 Nd7 20. Nb1 Nc5 21. c3
Rd6 22. Bc2 Ba6 23. b4 Ne6 24. Bg3 Qd7 25. Rxd6 Qxd6 26. Qd1 Qxd1+ 27. Bxd1 Bd3
28. Nd2 Bh6 29. Nf1 Nf4 30. f3 Bc4 31. a4 Nd3 32. Be2 Nb2 33. Bxc4 Nxc4 34. Kf2
f6 35. Ke2 Kf7 36. Bf2 Ke6 37. Kd3 Nb2+ 1/2-1/2

[Event "SweCh"]
[Site "Umeå, Sweden"]
[Date "2003.07.03"]
[Round "5"]
[White "Olsson, Anders"]
[Black "Tikkanen, Hans"]
[Result "0-1"]
[WhiteElo "2383"]
[BlackElo "2337"]
[PlyCount "72"]
[EventDate "2003.06.30"]
[SourceDate "2003.06.29"]

1. e4 c5 2. Nf3 Nc6 3. d4 cxd4 4. Nxd4 g6 5. c4 Bg7 6. Be3 Nf6 7. Nc3 O-O 8.
Be2 d6 9. Qd2 Ng4 10. Bxg4 Bxg4 11. O-O Rc8 12. f3 Bd7 13. Nde2 Re8 14. b3 Qa5
15. Rac1 Ne5 16. h3 Bc6 17. Nd4 a6 18. Rfd1 Nd7 19. Qb2 Qh5 20. a4 Bh6 21. Bxh6
Qxh6 22. a5 Ne5 23. Qf2 Nd3 24. Rxd3 Qxc1+ 25. Kh2 Qa3 26. f4 Qxa5 27. Rg3 e6
28. Rg5 Qxc3 29. h4 Bxe4 30. h5 Rc5 31. h6 Rxg5 32. fxg5 Bf5 33. g4 Qc1 34.
gxf5 exf5 35. Nf3 Qe3 36. Qb2 Qe2+ 0-1

[Event "SweCh"]
[Site "Umeå, Sweden"]
[Date "2003.07.03"]
[Round "5"]
[White "Hector, Jonny"]
[Black "Brynell, Stellan"]
[Result "1-0"]
[WhiteElo "2553"]
[BlackElo "2534"]
[PlyCount "85"]
[EventDate "2003.06.30"]
[SourceDate "2003.06.29"]

1. e4 e6 2. d4 d5 3. Nc3 Nf6 4. Bg5 Be7 5. e5 Nfd7 6. h4 O-O 7. Qg4 f5 8. Bxe7
Qxe7 9. Qg5 Qb4 10. O-O-O c5 11. Nb5 cxd4 12. Rh3 Nxe5 13. Nc7 Nbc6 14. Nxa8
Qd6 15. Rg3 Rf7 16. Qd2 f4 17. Ra3 Qb8 18. Nh3 h6 19. Bb5 f3 20. Bxc6 Nc4 21.
Qxd4 Nxa3 22. Be8 Rf8 23. Bg6 Nc4 24. gxf3 Qxa8 25. Rg1 Rf6 26. Bd3 Kf7 27. Nf4
Qb8 28. Rxg7+ Kxg7 29. Nh5+ Kg8 30. Qg4+ Kf8 31. Qg7+ Ke8 32. Nxf6+ Kd8 33.
Qf8+ Kc7 34. Bxc4 dxc4 35. Qc5+ Kd8 36. Qf8+ Kc7 37. Qxh6 Kc6 38. Qg5 Qh2 39.
Qg3 Qh1+ 40. Kd2 b6 41. Qb8 Ba6 42. Qe8+ Kd6 43. Qd7+ 1-0

[Event "SweCh"]
[Site "Umeå, Sweden"]
[Date "2003.07.04"]
[Round "6"]
[White "Tikkanen, Hans"]
[Black "Berg, Emanuel"]
[Result "1-0"]
[WhiteElo "2337"]
[BlackElo "2514"]
[PlyCount "79"]
[EventDate "2003.06.30"]
[SourceDate "2003.06.29"]

1. d4 Nf6 2. c4 e6 3. g3 d5 4. Bg2 dxc4 5. Nf3 Nc6 6. Qa4 Nd7 7. Qxc4 Nb6 8.
Qd3 e5 9. O-O exd4 10. Rd1 Be6 11. Bg5 f6 12. Bf4 g5 13. Bc1 Bc5 14. Qb5 Qd6
15. b4 Bxb4 16. Nxd4 Bd7 17. Qd3 Qxd4 18. Qxd4 Nxd4 19. Rxd4 Bc5 20. Rd1 O-O-O
21. Bb2 Bg4 22. Rc1 Na4 23. Bxf6 Bxf2+ 24. Kxf2 Rhf8 25. h3 Rxf6+ 26. Ke1 Bxe2
27. Kxe2 Re8+ 28. Kd3 Rd6+ 29. Kc4 Re2 30. Bf3 Nb2+ 31. Kb3 Rb6+ 32. Ka3 Re3+
33. Rc3 Nc4+ 34. Ka4 Nb2+ 35. Ka3 Nc4+ 36. Ka4 Rxb1 37. Rxb1 Rxc3 38. Bxb7+ Kd8
39. Kb4 Rc2 40. Be4 1-0

[Event "SweCh"]
[Site "Umeå, Sweden"]
[Date "2003.07.04"]
[Round "6"]
[White "Ernst, Thomas"]
[Black "Olsson, Anders"]
[Result "1/2-1/2"]
[WhiteElo "2442"]
[BlackElo "2383"]
[PlyCount "48"]
[EventDate "2003.06.30"]
[SourceDate "2003.06.29"]

1. e4 e6 2. d4 d5 3. Nc3 Bb4 4. e5 c5 5. a3 Bxc3+ 6. bxc3 Ne7 7. Qg4 O-O 8. Bd3
Nbc6 9. Qh5 Ng6 10. Nf3 Qc7 11. Be3 c4 12. Bxg6 fxg6 13. Qg4 Qf7 14. h4 Qf5 15.
Qxf5 Rxf5 16. Ke2 h6 17. g4 Rf7 18. h5 g5 19. Ng1 Bd7 20. Nh3 Raf8 21. Rhf1 Rf3
22. Ng1 R3f7 23. Nh3 Rf3 24. Ng1 R3f7 1/2-1/2

[Event "SweCh"]
[Site "Umeå, Sweden"]
[Date "2003.07.04"]
[Round "6"]
[White "Hector, Jonny"]
[Black "Ahlander, Björn"]
[Result "1-0"]
[WhiteElo "2553"]
[BlackElo "2389"]
[PlyCount "75"]
[EventDate "2003.06.30"]
[SourceDate "2003.06.29"]

1. e4 c5 2. Nf3 d6 3. d4 cxd4 4. Nxd4 Nf6 5. Nc3 a6 6. Bg5 e6 7. f4 Be7 8. Qf3
Qc7 9. O-O-O Nbd7 10. g4 b5 11. Bxf6 Nxf6 12. g5 Nd7 13. Kb1 b4 14. Nce2 Bb7
15. Bg2 Rc8 16. h4 O-O 17. f5 e5 18. f6 exd4 19. fxe7 Rfe8 20. Nxd4 Rxe7 21.
Qf4 g6 22. h5 Qc5 23. Qd2 Ne5 24. hxg6 fxg6 25. Rhf1 Nf7 26. Rf6 Qxg5 27. Qf2
Qe5 28. Bh3 Qh5 29. Qf1 Rcc7 30. Ne6 Bxe4 31. Nxc7 Rxc7 32. Rd2 Qe5 33. Re6 Qg5
34. Rf2 Qd5 35. Re8+ Kg7 36. Be6 Bxc2+ 37. Rxc2 Qe4 38. Bb3 1-0

[Event "SweCh"]
[Site "Umeå, Sweden"]
[Date "2003.07.04"]
[Round "6"]
[White "Hillarp-Persson, Tiger"]
[Black "Agrest, Evgenij"]
[Result "0-1"]
[WhiteElo "2474"]
[BlackElo "2591"]
[PlyCount "74"]
[EventDate "2003.06.30"]
[SourceDate "2003.06.29"]

1. Nf3 Nf6 2. c4 e6 3. Nc3 d5 4. d4 dxc4 5. e4 Bb4 6. Bxc4 Nxe4 7. O-O Nxc3 8.
bxc3 Be7 9. Qe2 Nd7 10. Rd1 c6 11. Bb3 Qc7 12. h4 O-O 13. Bg5 Bd6 14. Qe4 Re8
15. Rd3 h6 16. Re1 c5 17. Ba4 c4 18. Rde3 Qa5 19. Bxd7 Bxd7 20. Bxh6 Qh5 21.
Qxb7 Rad8 22. Bg5 f6 23. d5 e5 24. Qa6 Bc8 25. Qxc4 fxg5 26. Nxg5 Qg4 27. Ne4
Qd7 28. Qb3 Ba6 29. c4 Rc8 30. Rg3 Rf8 31. c5 Rxc5 32. Qa3 Bc4 33. Nxc5 Qe7 34.
Qc3 Bxc5 35. Qxc4 Bxf2+ 36. Kh2 Bxe1 37. Re3 Qxh4+ 0-1

[Event "SweCh"]
[Site "Umeå, Sweden"]
[Date "2003.07.04"]
[Round "6"]
[White "Brynell, Stellan"]
[Black "Karlsson, Lars"]
[Result "1/2-1/2"]
[WhiteElo "2534"]
[BlackElo "2478"]
[PlyCount "25"]
[EventDate "2003.06.30"]
[SourceDate "2003.06.29"]

1. e4 d6 2. d4 g6 3. Nf3 Nf6 4. Nc3 Bg7 5. Be2 O-O 6. O-O e6 7. Re1 h6 8. h3
Nc6 9. Bf4 Nd7 10. Qd2 Kh7 11. d5 Ne7 12. dxe6 fxe6 13. Rad1 1/2-1/2

[Event "SweCh"]
[Site "Umeå, Sweden"]
[Date "2003.07.06"]
[Round "7"]
[White "Wedberg, Tom"]
[Black "Tikkanen, Hans"]
[Result "1-0"]
[WhiteElo "2539"]
[BlackElo "2337"]
[PlyCount "109"]
[EventDate "2003.06.30"]
[SourceDate "2003.06.29"]

1. e4 c5 2. Nf3 Nc6 3. d4 cxd4 4. Nxd4 g6 5. Nc3 Bg7 6. Be3 Nf6 7. Bc4 Qa5 8.
O-O O-O 9. Bb3 d6 10. h3 Bd7 11. Re1 Rfe8 12. Qe2 Qh5 13. Nf3 Ne5 14. Nxe5 Qxe5
15. Qd3 Bc6 16. Bd4 Qg5 17. Rad1 Nd7 18. Bxg7 Kxg7 19. Nd5 Bxd5 20. Bxd5 Ne5
21. Qd4 Rac8 22. c3 f6 23. Re3 Nc6 24. Bxc6 Rxc6 25. Qxa7 Qb5 26. Qa3 Ra6 27.
Qb3 Qxb3 28. axb3 Ra2 29. Re2 Rc8 30. Kf1 Kf7 31. Rd4 Ra1+ 32. Re1 Ra2 33. Rb1
Ke6 34. Ke1 Ke5 35. Rb4 Rc7 36. Kd2 Ke6 37. Kd3 Ra5 38. Ra4 Rac5 39. Ra8 Rc8
40. Rba1 Kd7 41. R1a7 Rxa8 42. Rxa8 Rg5 43. g4 h5 44. f4 Rb5 45. b4 hxg4 46.
hxg4 g5 47. Kc4 Kc6 48. Rc8+ Kb6 49. f5 Re5 50. Kd4 Ka7 51. c4 b6 52. b5 Kb7
53. Rc6 Ka7 54. b4 Kb7 55. c5 1-0

[Event "SweCh"]
[Site "Umeå, Sweden"]
[Date "2003.07.06"]
[Round "7"]
[White "Berg, Emanuel"]
[Black "Ernst, Thomas"]
[Result "1-0"]
[WhiteElo "2514"]
[BlackElo "2442"]
[PlyCount "89"]
[EventDate "2003.06.30"]
[SourceDate "2003.06.29"]

1. e4 e5 2. Nf3 Nc6 3. Bb5 a6 4. Ba4 Nf6 5. O-O Be7 6. Re1 b5 7. Bb3 d6 8. c3
O-O 9. h3 h6 10. d4 Re8 11. Nbd2 Bf8 12. Nf1 Bb7 13. Ng3 Na5 14. Bc2 Nc4 15. b3
Nb6 16. Bb2 c5 17. dxc5 dxc5 18. c4 Qc7 19. Nd2 bxc4 20. bxc4 Rad8 21. Qe2 Bc6
22. Ndf1 Na4 23. Bxa4 Bxa4 24. Ne3 Qc6 25. Nd5 Nxd5 26. cxd5 Qb5 27. Qd2 Rb8
28. Bc3 c4 29. Nf5 Kh7 30. f4 exf4 31. Qxf4 Qd7 32. Kh1 f6 33. Re3 Bc2 34. Nd4
Bd6 35. Qf3 Bd3 36. Ne6 Re7 37. Qf5+ Kg8 38. Rf3 Rf7 39. Re1 Re8 40. Qg4 Kh7
41. Qh5 Bb8 42. Ng5+ Kg8 43. Nxf7 Qxf7 44. Qxf7+ Kxf7 45. e5 1-0

[Event "SweCh"]
[Site "Umeå, Sweden"]
[Date "2003.07.06"]
[Round "7"]
[White "Olsson, Anders"]
[Black "Hector, Jonny"]
[Result "0-1"]
[WhiteElo "2383"]
[BlackElo "2553"]
[PlyCount "62"]
[EventDate "2003.06.30"]
[SourceDate "2003.06.29"]

1. e4 e5 2. Nf3 Nc6 3. c3 d5 4. Bb5 dxe4 5. Nxe5 Qd5 6. Qa4 Nge7 7. f4 Bd7 8.
Nxd7 Kxd7 9. Bc4 Qf5 10. d4 exd3 11. O-O Rd8 12. b4 Nd5 13. Qb3 Kc8 14. a4 a5
15. Bb5 axb4 16. a5 Nxc3 17. Nxc3 Nd4 18. Qa4 bxc3 19. a6 Qxb5 20. a7 Bc5 21.
a8=Q+ Kd7 22. Qxb7 Nc6+ 23. Kh1 Qxb7 24. Qc4 Bb6 25. Qxd3+ Kc8 26. Qf3 f5 27.
Ra3 c2 28. Bb2 Na5 29. Qe2 Rd1 30. Rxd1 cxd1=Q+ 31. Qxd1 Nc4 0-1